Characterization of urease-positive thermophilic campylobacter subspecies by multilocus enzyme electrophoresis typing /
Bewaard in:
| Andere auteurs: | , , , , , , |
|---|---|
| Formaat: | Artikel |
| Taal: | English |
| Onderwerpen: | |
| Tags: |
Voeg label toe
Geen labels, Wees de eerste die dit record labelt!
|
| Thư viện lưu trữ: | Thư viện Trường Đại học Đà Lạt |
|---|
| LEADER | 01037nam a2200337 4500 | ||
|---|---|---|---|
| 001 | DLU090092441 | ||
| 005 | ##20091201 | ||
| 040 | # | # | |a DLU |b eng |
| 041 | # | # | |a eng |
| 044 | # | # | |a us |
| 245 | # | # | |a Characterization of urease-positive thermophilic campylobacter subspecies by multilocus enzyme electrophoresis typing / |c Motoo Matsuda ... [et al.]. |
| 653 | # | # | |a Campylobacter |
| 653 | # | # | |a Characterization |
| 653 | # | # | |a Isolates |
| 700 | # | # | |a Kaneko, Aki. |
| 700 | # | # | |a Matsuda, Motoo. |
| 700 | # | # | |a Millar, B. Cherie. |
| 700 | # | # | |a Miyajima, M. |
| 700 | # | # | |a Moore, John E. |
| 700 | # | # | |a Murphy, Philip G. |
| 700 | # | # | |a Stanley, Timothy. |
| 773 | # | # | |t Applied and Environmental Microbiology |g Vol. 69, no. 6 (June 2003), p. 3308-3310 |
| 920 | # | # | |a Phòng Tạp chí -- Trung tâm Thông tin - Thư viện Trường Đại học Đà Lạt |
| 994 | # | # | |a DLU |
| 900 | # | # | |a True |
| 911 | # | # | |a Trương Bảo Trâm Anh |
| 925 | # | # | |a G |
| 926 | # | # | |a A |
| 927 | # | # | |a BB |
| 980 | # | # | |a Thư viện Trường Đại học Đà Lạt |